1127 1397 1521 1529 1646 1573 1220 1995 1442 1734 1659 1395 1146 1119 1551 1873 1704 1054 1394 1476 1026 1937 1880 1121 1437 1191 1566 1101 1568 1381 1056 1797 1523 1985 1434 1957 1509 1706 1826 1709 1682 1359 1486 1961 1680 1171 1596 1496 1819 1036 1941 1712 1887 1837 1245 1975 1445 1175 1793 1985 1479 1209 1124 1193 1185 1195 1223 1575 1325 1822 1958 1497 1130 1334 1810 1396 1475 1363 1312 1542 1787 1623 1645 1119 1610 1540 1737 1970 1711 1790 1622 1809 1793 1697 1728 1602 1977 1523 1423 BCNSPRNW ULIB Ver.6.0+V

เปลี่ยนเป็นภาษาไทย

Change to English
 แสดงรายละเอียดบรรณานุกรม
  กลับหน้าหลัก

Brief Record : Get Marc (ISO 2709) : E-mail record : QR code < ปิดหน้าต่าง
LEADER : 00000nam 2200000uu 4500
001    13399120169
003     ULIB
008    120905s2554||||th 000 0 tha d
020    ^a9786161105808
060  4 ^aQV786^bพ887ก
245 00 ^aการผลิตยาปราศจากเชื้อและน้ำยาฆ่าเชื้อ /^cเพ็ญนภา ศรีหริ่ง ... [และคนอื่นๆ]
250    ^aพิมพ์ครั้งที่ 1.
260    ^aกรุงเทพฯ :^bโครงการสวัสดิการวิชาการ สถาบันพระบรมราชชนก,^c2554.
300    ^a[12], 182 หน้า :^bภาพประกอบ ;^c26 ซม.
500    ^aจัดพิมพ์โดย โครงการสวัสดิการวิชาการ สถาบันพระบรมราชชนก
504    ^aมีบรรณานุกรมและดัชนี
650  4 ^aสารต้านการติดเชื้อ
650  4 ^aน้ำยาฆ่าเชื้อ^xการผลิต
650  4 ^aยาปราศจากเชื้อ^xการผลิต
700 0  ^aกาญจนา สานุกูล
700    ^aอวิรุทธิ์ สิงห์กุล
700    ^aชุติมา วิจิตรานุวัตร
710    ^aสถาบันพระบรมราชชนก. ^bโครงการสวัสดิการวิชาการ
945    ^p210^l0^i032800
945    ^p210^l0^i032801
945    ^p210^l0^i032802
945    ^p210^l0^i034375
995    ^aทศพร
999    ^aทศพร
รายการนี้ยังไม่มีแท็ก
คุณยังไม่ได้ล็อกอิน คุณสามารถมีกิจกรรมร่วมกับเว็บไซต์ได้ แต่ต้องล็อกอินก่อน ::
  ล็อกอิน

รายการสื่อสารสนเทศ

ลำดับที่ ประเภท เลขเรียก/บาร์โค้ด สถานที่ สถานะ
1. วิทยาศาสตร์การแพทย์ และสุขภาพ
หนังสือสำรอง
สถานะ=หนังสือสำรอง
QV786 พ887ก ฉ.1 
  Barcode: 032800
ห้องสมุดวิทยาเขตสวรรค์ประชารักษ์
►ส่วนจัดเก็บหนังสือเก่า สปร
บนชั้น
  ขอยืม
2. วิทยาศาสตร์การแพทย์ และสุขภาพ
วิทยาศาสตร์การแพทย์ และสุขภาพ
QV786 พ887ก ฉ.2 
  Barcode: 032801
ห้องสมุดวิทยาเขตสวรรค์ประชารักษ์
►ส่วนจัดเก็บหนังสือเก่า สปร
บนชั้น
  ขอยืม
3. วิทยาศาสตร์การแพทย์ และสุขภาพ
วิทยาศาสตร์การแพทย์ และสุขภาพ
QV786 พ887ก ฉ.3 
  Barcode: 032802
ห้องสมุดวิทยาเขตสวรรค์ประชารักษ์
►ส่วนจัดเก็บหนังสือเก่า สปร
บนชั้น
  ขอยืม
4. Book การพยาบาล
Book การพยาบาล
QV786 พ887ก ฉ.4 
  Barcode: 034375
ห้องสมุดวิทยาเขตสวรรค์ประชารักษ์
►ส่วนจัดเก็บหนังสือเก่า สปร
บนชั้น
  ขอยืม
Note:อภินันทนาการ จาก โครงการสวัสดิการวิชาการ สบช

รายการใกล้เคียง
    หัวเรื่อง [สารต้านการติดเชื้อ]

BibComment


ยังไม่เคยถูกคอมเมนท์

คอมเมนท์ทรัพยากรรายการนี้
  คอมเมนท์: การผลิตยาปราศจาก..


 Copyright 2026. Bcnsprnw @Library